Mind Over Media: Propaganda Education For A Digital Age (Record no. 571188)

MARC details
000 -LEADER
fixed length control field 00398nam a2200145Ia 4500
008 - FIXED-LENGTH DATA ELEMENTS--GENERAL INFORMATION
fixed length control field 250516s9999 xx 000 0 und d
020 ## - INTERNATIONAL STANDARD BOOK NUMBER
ISBN 9780393713503
082 ## - DEWEY DECIMAL CLASSIFICATION NUMBER
Classification number 303.375
Item number HOB
100 ## - MAIN ENTRY--AUTHOR NAME
Personal name Hobbs, Renee
245 #0 - TITLE STATEMENT
Title Mind Over Media: Propaganda Education For A Digital Age
260 ## - PUBLICATION, DISTRIBUTION, ETC. (IMPRINT)
Name of publisher W W Norton
Year of publication 2020
650 ## - SUBJECT ADDED ENTRY--TOPICAL TERM
Topical Term Mass media and propaganda
942 ## - ADDED ENTRY ELEMENTS (KOHA)
Koha item type English Books
Holdings
Withdrawn status Lost status Damaged status Not for loan Home library Current library Shelving location Date acquired Full call number Accession Number Price effective from Koha item type
        Anna Centenary Library Anna Centenary Library 3RD FLOOR, B WING 27.03.2024 303.375 HOB 702649 27.03.2024 Reference

Find us on the map